Relación acerca de las antigüedades de los indios: el primer tratado escrito en América

Salvato in:
Dettagli Bibliografici
Autore principale: Pané, Ramón (autor)
Natura: Libro
Lingua:spagnolo
Pubblicazione: Cuernavaca Siglo Veintiuno Editores 2001
Edizione:11a. ed
Serie:Colección América Nuestra. América Antigua, 5
Soggetti:
Tags: Aggiungi Tag
Nessun Tag, puoi essere il primo ad aggiungerne!!

MARC

LEADER 00000cam a2200000 a 4500
001 UCC8491
003 CL-VaPUC
008 190705e20010000mx |||||||||||||||||spa|d
020 |a 968231478X 
082 0 4 |a 972.9302  |b PAN  |2 21 
100 |a Pané, Ramón  |e autor  |9 603170 
245 1 0 |a Relación acerca de las antigüedades de los indios: el primer tratado escrito en América 
250 |a 11a. ed 
300 |a 92 p 
942 |c BK 
945 |d 20190705 13:21:00  |a dcastane 
260 |a Cuernavaca  |b Siglo Veintiuno Editores  |c 2001 
650 0 |a Etnografía   |9 309735 
650 0 |a Historia de América  |9 266076 
650 7 |a INDIGENAS AMERICANOS  |2 CL-VaPUC  |9 551357 
583 |a last modification  |c 20190705 13:21:00  |k Rodrigo Vera 
490 0 |a Colección América Nuestra. América Antigua, 5 
999 |c 374805  |d 374803 
952 |0 0  |1 0  |3 erb  |4 0  |6 972_930200000000000_PAN_2001  |7 0  |8 R  |9 493522  |a BIBEDU  |b BIBEDU  |c MCIRC  |i 5592801  |o 972.9302 PAN 2001  |p 5592801  |r 2023-01-13  |w 2019-11-24  |y BK_R  |z Catalogado en:20190705  |k LIT 
952 |0 0  |1 0  |3 erb  |4 0  |6 972_930200000000000_PAN_2001  |7 0  |8 R  |9 493523  |a BIBEDU  |b BIBEDU  |c MCIRC  |i 5593344  |o 972.9302 PAN 2001  |p 5593344  |r 2023-01-13  |w 2019-11-24  |y BK_R  |z Catalogado en:20190705  |k LIT